000 00427nam a2200181Ia 4500
001 11203
005 20260306161929.0
008 260306t1999||||xx |||||||||||||| ||spa||
041 _aESP
082 _a985.019
_bB22
100 _aPease G. Y., Franklin
_eAUT
245 0 _aLos incas, arte y simbolos
260 _c1999
300 _a317 páginas :
_c31 cm.
650 _aGEN
654 _aCHU
942 _cLIB
_dJUS
_fJUS
_2ddc
_n
999 _c11203
_d11203